The Silmarillion: All characters starting with E - Statistics

General Stats
  • This quiz has been taken 37 times
  • The average score is 15 of 25
Answer Stats
Hint Answer % Correct
He sails the skies in his ship Vingilot bearing a Silmaril: Earendil
100%
The One: Eru
100%
The father of Isildur and Anarion, slain in the overthrow of Sauron at the end of the second age: Elendil
96%
4th King of Numenor, father of Silmarien: Elendil
96%
The keeper of Vilya, the Ring of Air, which he had received from Gil-galad: Elrond
93%
The first King of Numenor: Elros
89%
Daughter of Dior, and wife of Earendil: Elwing
89%
Called the Dark Elf, he was put to death in Gondolin: Eol
89%
He slew and was slain by Gothmog Lord of Balrogs: Ecthelion
78%
The herald of Manwe, and leader of the hosts of the Valar in the attack on Morgoth at the end of the First Age: Eonwe
78%
The wife of Finarfin: Earwen
63%
Wife of Turgon; perished in the crossing of the Helcaraxe: Elenwe
63%
Younger son of Dior, perished with his brother: Elurin
56%
One of the Valier, the spouse of Irmo: Este
56%
Elder son of Dior, perished in the attack on Doriath by the sons of Feanor: Elured
52%
The last King of Gondor, in whom the line of Anarion came to its end: Earnur
48%
32nd King of Gondor: Earnil II
37%
A lord of Andunie in Numenor: Earendur
33%
Tenth King of Arnor: Earendur
33%
Eldest son of Isildur, slain with him at the Gladden Fields: Elendur
33%
The wife of Gorlim the Unhappy: Eilinel
26%
She led the woman and children of the house of Beor from Dorthonion after the Dagor Bragollach: Emeldir
26%
Chief of the Elves of Nargothrond who accompanied Beren and Finrod on their Quest: Edrahil
19%
Vanyarin Elf, make of the Aldudenie, the Lament for the Two Trees: Elemmire
11%
One of the three Mariners who accompanied Earendil on his voyages: Erellont
7%
No matching quizzes found
Score Distribution
Percent of People with Each Score
Percentile by Number Answered
Your Score History
You have not taken this quiz